Oceanographie biologique appliquee: l'exploitation de la vie marine
Guardat en:
| Autor principal: | |
|---|---|
| Altres autors: | |
| Format: | Llibre |
| Idioma: | francès |
| Publicat: |
París, Francia
Masson
1976
|
| Col·lecció: | Maitrises de Biologie
|
| Matèries: | |
| Etiquetes: |
Afegir etiqueta
Sense etiquetes, Sigues el primer a etiquetar aquest registre!
|
MARC
| LEADER | 00000nam a2200000 a 4500 | ||
|---|---|---|---|
| 001 | UCY2475 | ||
| 003 | CL-VaPUC | ||
| 005 | 20210812001331.0 | ||
| 008 | 941027e19760000FR |||||||||||||||||fre|d | ||
| 999 | |c 230876 |d 230874 | ||
| 040 | |c Pontificia Universidad Católica de Valparaíso | ||
| 082 | 0 | 4 | |a 578.77 BOU 1976 |2 21 |
| 100 | 0 | |a Bougis, Paul |9 330507 | |
| 245 | 1 | 0 | |a Oceanographie biologique appliquee: l'exploitation de la vie marine |
| 260 | 0 | 3 | |a París, Francia |b Masson |c 1976 |
| 300 | |a 320 páginas | ||
| 490 | 0 | |a Maitrises de Biologie | |
| 583 | |a last modification |c 19941027 00:00:00 |k Rodrigo Vera | ||
| 650 | 0 | |a Biología marina |9 259965 | |
| 650 | 7 | |a INDUSTRIA PESQUERA |2 CL-VaPUC |9 330509 | |
| 650 | 0 | |a Control de la producción |9 263691 | |
| 650 | 0 | |a Recursos marinos |9 261196 | |
| 700 | 0 | |a Amanieu, Michel |9 330508 | |
| 942 | |c BK |2 ddc | ||
| 945 | |d 19941027 00:00:00 |a mfernand | ||
| 952 | |0 0 |1 0 |2 ddc |4 0 |6 578_770000000000000_BOU_1976 |7 0 |8 CCM |9 233496 |a BIBCUR |b BIBCUR |c PAC |d 2019-11-15 |i 3029980 |o 578.77 BOU 1976 |p 3029980 |r 2025-04-22 |t 1 |w 2019-11-15 |y BK |k CIM | ||